000 00662nam a22002297a 4500
003 KOHA_MİRAKIL
005 20260420095027.0
008 260416b tu ||||| |||| 00| 0 tur d
020 _a9789755337890
040 _aTR-AnABB
_btur
_cTR-AnABB
041 _atur
082 _a155.2
_bIZM 2015
100 1 _aİzmir, Mutluhan
245 1 0 _aLacancı psikanaliz ve karakter çözümleme /
_cMutluhan İzmir
250 _a1. baskı
260 _aAnkara :
_bİmge Kitabevi,
_c2015
300 _a249 sayfa ;
_c20 cm
650 0 4 _aBireysel psikoloji ve kişilik
650 0 4 _aPsikoloji
900 _bCan ÇELIK
942 _2ddc
_cBK
999 _c10282
_d10282